000
00223nam a22000857a 4500
008
170203b xxu||||| |||| 00| 0 eng d
100
_9
2774
_a
Mehrotra.D.etal.
245
_a
Computer Learning-8
260
_a
New Delhi
_b
S. chand
_c
2010
999
_c
5966
_d
5966